01383nam a2200301 450000100070000000500170000700800040002401000170002802000150004504000190006005000210007908200190010011100750011924500950019426000480028930000340033749000420037150001730041350400510058665000880063765000740072570000210079970000370082071000680085771000650092571100580099083000330104839244420150313110249.0000 a 79021038  a0841205213 aUOELcDLCdDLC00aRS401b.S95 197900a615/.191/028542 aSymposium on Computer Assisted Drug Designd(1979 :cHonolulu, Hawaii)10aComputer-assisted drug design /cEdward C. Olson, editor, Ralph E. Christoffersen, editor. aWashington :bAmerican Chemical Co.,c1979. axii, 619 p. :bill. ;c24 cm.1 aACS symposium series ; 112x0097-6156 a"Based on a symposium sponsored by the Divisions of Computers in Chemistry and Medicinal Chemistry at the ACS/CSJ Chemical Congress, Honolulu, Hawaii, April 2-6, 1979." aIncludes bibliographical references and index. 0aPharmaceutical chemistryxData processingxPharmacy and material media.2Congresses 0aDrugsxStructure-activity relationshipsxData processingxCongresses.1 aOlson, Edward C.1 aChristoffersen, Ralph E.,d1937-2 aAmerican Chemical Society.bDivision of Computers in Chemistry.2 aAmerican Chemical Society.bDivision of Medicinal Chemistry.2 aACS/CSJ Chemical Congressd(1979 :cHonolulu, Hawaii) 0aACS symposium series ;v112.